| 000 | 00522nam a22001937a 4500 | ||
|---|---|---|---|
| 003 | OSt | ||
| 005 | 20211207020024.0 | ||
| 008 | 170211b xxu||||| |||| 00| 0 eng d | ||
| 020 | _a9780470154113 | ||
| 040 |
_aMMU _beng _cMMU _dMMU |
||
| 050 | _aHF5415.2.M39 2009 | ||
| 100 | _aMcDaniel,Carl | ||
| 245 |
_aMarketing research essentials/ _cCarl McDaniel...{etal .}. |
||
| 250 | _acanadian ed | ||
| 260 |
_aCanada: _bJohn Wiley, _c2009. |
||
| 300 |
_axxv,468 p. : _bill. ; |
||
| 650 | _aMarketing | ||
| 942 |
_2lcc _cLOAN LOAN |
||
| 999 |
_c22611 _d22611 |
||